Quick Pick: 'T' Capitals Quiz Stats

 Plays Quiz Updated Aug 23, 2019

Score 0/12 Timer 01:00
0 Plays Today
% Correct
Tokyo
96.6%
Tehran
93.6%
Taipei
92%
Tunis
89%
Tripoli
87.7%
Tegucigalpa
79%
Tallinn
78.8%
Tbilisi
76.8%
Tashkent
76%
Tirana
73.3%
Thimphu
69.5%
Tarawa
63.3%

Today's Daily Dose

Missing Word
Directed by Peter

Word Ladder
Blink-182

Quick Pick
Eagles Songs

Get the Picture
NFC West Profiles

You're not logged in!

Compare scores with friends on all Sporcle quizzes.
OR
Log In

Show Comments

Extras

Top Quizzes Today


Score Distribution

Your Account Isn't Verified!

In order to create a playlist on Sporcle, you need to verify the email address you used during registration. Go to your Sporcle Settings to finish the process.

Report this User

Report this user for behavior that violates our Community Guidelines.

Details: